01127nam a2200265Ia 450000500170000000800370001702000180005408200160007211001000008824501010018825000230028930000720031249000660038450400270045065000680047765000360054565000600058165000340064165000360067526400270071133600270073833700330076533800280079804000350082620220317000914.0160713s2011 c abo g 000 0 s a978958758344104a305.42bC652 aComisión Nacional de Reparación y Reconciliación (Colombia). Grupo de Memoria Histórica10aMujeres y guerrabvíctimas y resistentes en el Caribe colombianocGrupo de Memoria Histórica aEdición especial a406 páginasbilustraciones, mapas y fotografías en colorc23 cm aPlan Nacional de Lectura y Escritura Leer es mi Cuento. 2013 aIncluye bibliografía142LEMBaMujeresvActividad políticazCosta Atlantica (Colombia)142LEMBaViolencia contra la mujer142LEMBaViolencia políticazCaribe (Región, Colombia)142LEMBaDelitos contra la mujer142LEMBaParamilitarismozColombia aBogotábTaurusc2011 atextobtxt2rdacontent asin mediaciónbn2rdamedia avolumenbnc2rdacarrier aCO-BoRNBPbspaerdacCO-BoRNBP